Una posición conservadora ante la República (Record no. 116406)

MARC details
000 -LEADER
campo de control de longitud fija 00790nam a2200205 4500
001 - NÚMERO DE CONTROL
campo de control 116406
003 - IDENTIFICADOR DE NÚMERO DE CONTROL
campo de control ES-MaACL
005 - FECHA Y HORA DE LA ÚLTIMA TRANSACCIÓN
campo de control 20231221183856.0
007 - CAMPO FIJO DE DESCRIPCIÓN FÍSICA--INFORMACIÓN GENERAL
campo de control de longitud fija t|
008 - DATOS DE LONGITUD FIJA--INFORMACIÓN GENERAL
campo de control de longitud fija 061121s1931 sp r ||||1| spa d
100 1# - ENTRADA PRINCIPAL--NOMBRE DE PERSONA
Nombre de persona Ossorio y Gallardo, Ángel,
Fechas asociadas al nombre 1873-1946
9 (RLIN) 138613
245 14 - MENCIÓN DEL TÍTULO
Título Una posición conservadora ante la República
Resto del título : conferencia / dada por D. Angel Ossorio en el Círculo de la Unión Mercantil el día 17 de octubre de 1931.
260 ## - PUBLICACIÓN, DISTRIBUCIÓN, ETC.
Lugar de publicación, distribución, etc. Madrid :
Nombre del editor, distribuidor, etc. Juan Pueyo,
Fecha de publicación, distribución, etc. 1931.
300 ## - DESCRIPCIÓN FÍSICA
Extensión 30 p. ;
Dimensiones 19 cm.
490 1# - MENCIÓN DE SERIE
Mención de serie Estudios políticos, sociales y económicos ;
Designación de volumen o secuencia 15
651 #4 - PUNTO DE ACCESO ADICIONAL DE MATERIA--NOMBRE GEOGRÁFICO
Nombre geográfico España-
Subdivisión general Historia-
Subdivisión cronológica 1931-1939, II República.
9 (RLIN) 8283
830 0# - PUNTO DE ACCESO ADICIONAL DE SERIE-TÍTULO UNIFORME
Título uniforme Estudios políticos, sociales y económicos ;
Designación de volumen o secuencia 15
9 (RLIN) 186367
852 ## - LOCALIZACIÓN
Ubicación ES-MaACL
Número de control de estantería 1947-F-11
Holdings
Estatus retirado Estado de pérdida Estado de daño No para préstamo Colección Biblioteca de origen Biblioteca actual Ubicación en estantería Fecha de adquisición Fuente de adquisición Total de préstamos Signatura topográfica completa Código de barras Visto por última vez Precio de reemplazo Tipo de ítem Koha
        Colección de folletos Biblioteca del Ateneo de Madrid Biblioteca del Ateneo de Madrid Depósito folletos 17/01/2008     1947-F-11 1121387 23/02/2023 23/02/2023 Folleto